Представление документа в формате MARC21

Поле Инд. ПП Название Значение
Тип записи a
Библиографический уровень m
001 Контрольный номер RU/IS/BASE/222278844
005 Дата корректировки 20171109153756.1
008 Кодируемые данные 070117|||||||||ru||||||||||||000|||rus||
020 a ISBN 5-85270-333-8 (т. 4)
c Цена, тираж 1400-00
020 a ISBN 5-85270-320-6
040 b Код языка каталог. rus
e Правила каталог. PSBO
041 0_ a Код языка текста rus
084 a Индекс другой классификации/Индекс ББК 92
090 a Полочн. индекс 92
x Авторский знак Б 79
245 10 a Заглавие Большая Российская энциклопедия. [В 30 т.]. Т. 4. Большой Кавказ - Великий канал
c Ответственность пред. науч.-ред. совета Ю. С. Осипов
260 a Место издания Москва
b Издательство Большая Рос. энцикл.
c Дата издания 2006
300 a Объем 750, [1] с.
b Иллюстрации/ тип воспроизводства цв. ил.
650 04 a Основная рубрика Энциклопедии
651 _4 a Географическое наименование Россия
653 0_ a Ключевые слова Энциклопедии
901 t Тип документа m